الله يهتم بي: الله الذي يحبني ويعتني بي / (Record no. 133150)

MARC details
000 -LEADER
fixed length control field 00662nam a22002057a 4500
005 - DATE AND TIME OF LATEST TRANSACTION
control field 20251108175409.0
008 - FIXED-LENGTH DATA ELEMENTS--GENERAL INFORMATION
fixed length control field 250721s2014 xx 000 0 ara d
082 14 - DEWEY DECIMAL CLASSIFICATION NUMBER
Classification number ط/152.41/جيس
100 1# - MAIN ENTRY--PERSONAL NAME
Personal name جيسن، سينثيا
245 10 - TITLE STATEMENT
Title الله يهتم بي: الله الذي يحبني ويعتني بي /
250 ## - EDITION STATEMENT
Edition statement ط2.
264 1# - PRODUCTION, PUBLICATION, DISTRIBUTION, MANUFACTURE, AND COPYRIGHT NOTICE
Place of production, publication, distribution, manufacture عما :
Name of producer, publisher, distributor, manufacturer أوفير للطباعة والنشر،
Date of production, publication, distribution, manufacture, or copyright notice 2014.
300 ## - PHYSICAL DESCRIPTION
Extent 30ص.
490 0# - SERIES STATEMENT
Series statement كتاب لي فقط
650 17 - SUBJECT ADDED ENTRY--TOPICAL TERM
Topical term or geographic name as entry element الحب(العواطف)
653 ## - INDEX TERM--UNCONTROLLED
Uncontrolled term مرحلة اطفال متوسطة (6-9) سنوات
700 1# - ADDED ENTRY--PERSONAL NAME
Personal name شحود، نيللي
Relator term مترجم
942 ## - ADDED ENTRY ELEMENTS (KOHA)
Source of classification or shelving scheme Dewey Decimal Classification
Koha item type Books
Holdings
حالة السحب حالة الفقدان مصدر التصنيف حالة التلف غير قابل للإعارة المكتبة الرئيسية المكتبة الحالية موقع الرف تاريخ التزويد الرقم المتسلسل Total Checkouts رقم الإستدعاء الباركود تاريخ آخر ظهور تاريخ الفاتورة نوع المادة (كوها)
    Dewey Decimal Classification     المكتبة المركزية المكتبة المركزية الأطفال 28/07/2025 1615716   ط/152.41/جيس PLD00355944 28/07/2025 28/07/2025 Books
    Dewey Decimal Classification     مكتبة البيادر مكتبة البيادر الأطفال 15/03/2016 1615717   ط/152.41/جيس PLD00380168 28/07/2025 15/03/2016 Books
    Dewey Decimal Classification     مكتبة الراية الهاشمية للأطفال مكتبة الراية الهاشمية للأطفال الأطفال 15/03/2016 1615718   ط/152.41/جيس PLD00380169 28/07/2025 15/03/2016 Books
    Dewey Decimal Classification     مكتبة بدر للأطفال مكتبة بدر للأطفال الأطفال 15/03/2016 1615719   ط/152.41/جيس PLD00380170 28/07/2025 15/03/2016 Books
Implemented & Customized by: BBB with SCIT (Smart Chains for Information Technology)

Powered by Koha